000 00511nam a2200217Ia 4500
003 OSt
005 20221005114219.0
006 a|||||r|||| 00| 0
007 ta
008 221004b |||||||| |||| 00| 0 eng d
024 _a119253
037 _cTextual
040 _aCRL
_cCRL
_beng
041 _2eng
_aeng
100 _aPelto Perthi J
_9625613
245 0 _aAnthropological Research
260 _c1970
650 _aANTHROPOLOGY
942 _cTEXL
_2cc
999 _c1030661
_d1030661